000 00255nam a22001217a 4500
008 170605b xxu||||| |||| 00| 0 eng d
041 _aeng
080 _a94
100 _a18
101 _aSHH
245 _aGREAT HERITAGE
_cSKOLNIK.R
942 _2udc
_cBK
999 _c15947
_d15947